00953nam a2200289Ia 450000500170000000800410001702000150005810000270007324500260010025000190012630000300014549000160017560000580019165000370024965000410028665000400032765000460036770000320041370000260044574000310047126400270050233600270052933700330055633800280058904000350061708400110065220220317000615.0160601s2005 ck g 000 0 spa  a95804697171 aFuentes, Carlosd1928-10aAura cCarlos Fuentes a3a. edición  a49, 65 páginas c21 cm  aCara y cruz14aFuentes, Carlosd1928- xCrítica e interpretación142LEMBaNovela mexicana ySiglo XX142LEMBaLiteratura mexicana ySiglo XX142LEMB aFantasía en la literatura 142LEMBaCiencia ficción en la literatura  aCastañón, Adolfod1952- aMendoza, Mariod1964- aCarlos fuentes vida y obra aBogotá bNormac2005 atextobtxt2rdacontent asin mediaciónbn2rdamedia avolumenbnc2rdacarrier aCO-BoRNBPbspaerdacCO-BoRNBP aN FUE1